| 000 | 00345nam a2200133Ia 4500 | ||
|---|---|---|---|
| 999 |
_c14729 _d14729 |
||
| 082 | _aRR 491.433 KAU-; | ||
| 100 | _aKaushik, Jai Narain | ||
| 245 | 0 | _aHariyanvi-Hindi Kosh | |
| 260 |
_aChandigarh _bHariyana Sahitya Academy _c1985 |
||
| 300 | _aLvi, 949p. | ||
| 650 | _aHindi language - Dictionaries | ||
| 650 | _aHaryani language | ||
| 942 | _cBK | ||